Statistics for Countries of the World in Serbian *2

Click here to take the quiz!

General Stats

  • This quiz has been taken 118 times
    (100 since last reset)
  • The average score is 9 of 10

Answer Stats

SerbianEnglish% Correct
SrbijaSerbia
99%
KubaCuba
98%
EgipatEgypt
97%
MoldavijaMoldova
96%
KostarikaCosta Rica
95%
DanskaDenmark
95%
Novi ZelandNew Zealand
94%
Južnoafrička RepublikaSouth Africa
84%
Solomonska OstrvaSolomon Islands
83%
JermenijaArmenia
80%

Score Distribution

Percentile by Number Answered

Percent of People with Each Score

Your Score History

You have not taken this quiz since the last reset